000 00536nam a2200169 a 4500
005 20140412111309.0
008 010404s19uu xx 00 eng d
020 _a0-916119-46-7
050 _aTR(PS E
_bMo71 1994
100 _aGraves, Kimberlee
245 _aMom can fix anything /
_cwritten by Kimberlee Graves ; illustrated by Lucyna A.M. Green.
260 _aCypress, CA :
_bCreative Teaching Press, Inc,
_c1994.
300 _a16 p. ; ill.
440 _aRead to Learn-Learn to Read
650 _aScience Series
999 _c103884
_d103884